000 00736nam a2200229Ia 4500
003 GCL
008 140319s9999 xx 000 0 ara d
040 _aGCL /
_cGCL
082 0 4 _a935.02
_bب ب
100 1 _aبوتيرو، جان
245 1 0 _aبابل والكتاب المقدس /
_cبوتيرو، جان
250 _aالاولى
260 _aسوريا :
_bدار كنعان للدراسات والنشر ،
_c2000
300 _a303 ص ؛
_c24 سم
650 0 4 _aالبابليون
650 0 4 _aالاشوريون
650 0 4 _aحضارة العراق القديمة
650 0 4 _aالعراق القديم - تاريخ
650 0 4 _aالعراق - حضارة
650 0 4 _aبابل, العراق
942 _2ddc
_cBK
999 _c6416
_d6416